[Event "ESP-ch Rapid 2018"]
[Site "Linares"]
[Date "2018.08.19"]
[Round "3"]
[White "Iglesias Leon, Francisco J"]
[Black "Diaz Rodriguez, Jose Antonio"]
[Result "1-0"]
[WhiteElo "2129"]
[BlackElo "1991"]
[Annotator "TA"]
[PlyCount "84"]
[EventDate "2018.08.19"]
[EventType "team-tourn"]
[EventCountry "ESP"]
[SourceTitle "playchess.com"]
[Source "ChessBase"]
[SourceQuality "1"]

{[%evp 14,84,35,26,53,42,55,29,39,41,46,30,41,29,35,38,25,27,40,6,23,0,23,20,44,54,71,80,74,68,110,44,153,141,161,158,163,164,232,243,254,250,422,401,594,545,558,585,577,533,527,435,612,612,606,597,679,659,605,595,560,533,623,636,691,595,627,582,631,637,600,575,5708]} 1. Nf3 Nf6 2. b3 d6 3. d4 g6 4. Bb2 Bg7 5. g3 c6 6. Bg2 O-O 7. O-O Bg4 8. Nbd2 {LiveBook: 22 Partien} Qd7 {A49: Königsindisch (ohne c2-c4)} (8... Nbd7 9. h3 Bxf3 10. Nxf3 Qc7 11. Re1 e5 12. dxe5 dxe5 13. e4 Rfe8 14. Qe2 Nc5 15. Nd2 a5 16. a4 Ne6 17. Nf3 Nd7 18. Rad1 c5 {½-½ (62) Bai,J (2518)-Zeng,C (2541) China 2015}) 9. c4 Bh3 10. e4 Bxg2 {Weiß hat minimalen Vorteil.} 11. Kxg2 Nh5 $146 ({Vorgänger:} 11... e6 12. e5 dxe5 13. dxe5 Ng4 14. h3 Nh6 15. Ne4 Rd8 16. Qxd7 Nxd7 {1-0 (25) Vandrey,W (2302)-Engelbert,C (2213) Hamburg 2004}) 12. h3 c5 {Droht ...Sc6.} 13. Qc2 cxd4 14. Nxd4 {[%cal Bf3d4,Bd4c2,Bc2e3,Be3d5][%mdl 32]} Nc6 15. N2f3 Rac8 16. Rfd1 a6 17. Qd2 Nf6 18. Qe2 e5 19. Nc2 Qe7 20. Ba3 Rfd8 21. Ne3 Nd4 22. Qd3 (22. Nxd4 $16 exd4 23. Rxd4) 22... Nh5 ({Besser ist} 22... Nxf3 $14 23. Kxf3 b5) 23. Nd5 Qe8 24. Nxd4 exd4 25. Bb2 b5 (25... Nf6 $142 26. Nxf6+ (26. Qxd4 Qxe4+ 27. Qxe4 Nxe4 $16) (26. Bxd4 Nxd5 27. Bxg7 Nb4 $16) 26... Bxf6 27. Bxd4 Bxd4 28. Qxd4 Rc5) 26. cxb5 $18 axb5 27. Bxd4 {[#] Und weiter mit g4 wäre nett.} Bxd4 $2 (27... Qe6 28. a4 bxa4 29. Bxg7 (29. bxa4 f5 $18) 29... Kxg7 30. bxa4 (30. Rxa4 Nf6 $18) 30... Nf6 31. Nxf6 Qxf6) 28. Qxd4 Rc5 (28... Qf8 {ist wohl besser.} 29. a4 bxa4 30. bxa4 Rc6) 29. g4 {Weiß steht klar auf Gewinn.} Rxd5 30. exd5 Ng7 31. Re1 Qd7 32. Qf6 {[#] Droht stark Te7.} Rf8 (32... Ne8 $142 33. Qh4 f6) 33. Qe7 Qc8 34. Qxd6 h5 35. Rac1 Qa8 36. Qc6 Qxa2 37. Qxb5 hxg4 38. hxg4 Qd2 39. Rcd1 Qg5 40. Qc4 Nh5 41. d6 Nf4+ 42. Kf3 Qf6 {Precision: Weiß = 68%, Schwarz = 30%.} 1-0

[Event "ESP-ch Rapid 2018"]
[Site "Linares"]
[Date "2018.08.19"]
[Round "3"]
[White "Perdomo Araujo, Angel Eduardo"]
[Black "Domingo Nunez, Ruben"]
[Result "0-1"]
[WhiteElo "2100"]
[BlackElo "2318"]
[Annotator "TA"]
[PlyCount "108"]
[EventDate "2018.08.19"]
[EventType "team-tourn"]
[EventCountry "ESP"]
[SourceTitle "playchess.com"]
[Source "ChessBase"]
[SourceQuality "1"]

{[%evp 13,108,18,68,12,40,28,14,-20,-8,-14,-11,-40,-37,-121,-110,-179,-169,-170,-178,-241,-240,-242,-242,-252,-230,-350,-329,-550,-551,-551,-547,-561,-551,-779,-760,-691,-764,-693,-579,-582,-520,-584,-580,-545,-549,-533,-526,-577,-458,-452,-357,-333,-293,-291,-286,-416,-258,-372,-356,-337,-257,-275,-245,-307,-311,-564,-512,-562,-547,-678,-597,-700,-688,-1033,-1061,-1379,-975,-2064,-1839,-2700,-1698,-1481,-1020,-1061,-1150,-1473,-1325,-1382,-1399,-1376,-1343,-1017,-877,-1729,-1700,-29984,-29978]} 1. e4 c5 2. Nf3 e6 3. Nc3 Nc6 4. d4 cxd4 5. Nxd4 Qc7 6. g3 a6 7. Bg2 h5 {[%cal Bh7h5,Bh5h4,Bh4h3][%mdl 32] LiveBook: 110 Games} 8. Nde2 {B47: Sicilian: Taimanov: 5 Nc3 Qc7 6 f4, 6 g3 and 6 Be2} (8. Nb3 $14) (8. Bg5 h4 9. gxh4 Nge7 10. Nxc6 bxc6 11. Qd3 Ng6 12. O-O-O f6 13. Bd2 Kf7 14. Rhg1 Rxh4 15. Bf1 Qxh2 {0-1 (34) Kraemer,M (2575)-Jakovenko,D (2710) Germany 2018}) 8... h4 9. Bf4 $146 ({Predecessor:} 9. O-O Nf6 10. Bf4 Qa5 11. gxh4 Rxh4 12. Bg3 Rh8 13. Nf4 Qg5 14. Nfd5 exd5 15. exd5 {1-0 (47) Gunnarsson,J (2445)-Karason,A (2270) Hafnarfjordur 1998}) 9... d6 10. Qd2 {The position is equal.} h3 11. Bf1 Ne5 12. Bxe5 dxe5 13. O-O-O ({White should try} 13. Ng1 $15) 13... Nf6 {[%cal Bg8f6,Bf6g4,Bg4f2][%mdl 32]} 14. f4 {[#]} (14. a3 $17) 14... Ng4 $1 $19 {[%cal Rg4f2]} 15. fxe5 Nf2 16. Rg1 (16. Nd4 $142 Nxd1 17. Nxd1) 16... Nxd1 17. Nxd1 Bc5 18. Rh1 Qxe5 19. Ndc3 (19. Nec3 $142) 19... b5 {[%cal Bb7b5,Bb5b4][%mdl 32]} 20. Nf4 $2 (20. a3 {was necessary.}) 20... b4 21. Na4 Qxe4 {Hoping for ...Be3.} 22. Nxc5 Qxh1 23. Qf2 e5 24. Nfd3 Rh5 {And now ...Rf5 would win.} 25. Qe1 Rf5 26. Bxh3 Qxe1+ 27. Nxe1 Rh5 28. Bg2 Rb8 29. h4 g5 30. Ne4 {intending Nf6+.} Rb6 31. Nxg5 Rxg5 32. hxg5 {[%mdl 4096] Endgame KRB-KBN} Rg6 33. Nf3 e4 {[%cal Be5e4,Be4e3][%mdl 32]} 34. Nd2 (34. Nh4 $142 Rxg5 35. Bxe4) 34... e3 {aiming for ...e2.} 35. Ne4 (35. Nc4 {was the only defense.}) 35... Bf5 36. Kd1 Re6 37. Nf6+ Kf8 38. Bd5 {[#]} Bxc2+ $1 {[%mdl 512]} 39. Ke2 $2 {[#]} (39. Ke1 {is the only way for White.} Re7 40. Bc4) (39. Kxc2 e2) 39... Bd3+ $1 {[%mdl 512]} 40. Ke1 (40. Kxd3 e2) 40... Rd6 41. b3 Rd8 42. Bb7 a5 43. g4 Kg7 44. Bf3 Rc8 45. Nh5+ Kf8 46. Kd1 Rc2 {( -> ...Rb2)} 47. Nf4 Rd2+ 48. Ke1 Bb1 49. Nd5 Bxa2 50. Nxe3 Rd3 51. Ke2 Rxb3 52. Bc6 Rc3 53. Be4 a4 54. Nd5 Bxd5 {Precision: White = 27%, Black = 87%.} 0-1

[Event "ESP-ch Rapid 2018"]
[Site "Linares"]
[Date "2018.08.19"]
[Round "3"]
[White "Collado Barbas, Laura"]
[Black "Vinuela Diaz, Saul"]
[Result "0-1"]
[WhiteElo "2095"]
[BlackElo "2216"]
[Annotator "TA"]
[PlyCount "86"]
[EventDate "2018.08.19"]
[EventType "team-tourn"]
[EventCountry "ESP"]
[SourceTitle "playchess.com"]
[Source "ChessBase"]
[SourceQuality "1"]

{[%evp 18,85,0,0,0,-7,0,0,0,0,20,0,0,0,0,-14,0,-6,-9,-14,0,-61,23,12,14,8,64,56,37,24,35,39,24,0,0,0,0,0,0,-62,-62,-56,30,32,53,0,0,0,0,-100,-135,-239,-229,-252,-259,-250,-247,-283,-277,-463,-339,-448,-213,-1083,-181,-177,-52,-12845,-12840,-29999]} 1. d4 Nf6 2. c4 e6 3. Nc3 Bb4 4. Qc2 b6 5. e4 c5 6. d5 {E32: Nimzo-Indian: Classical (4 Qc2): 4...0-0} Qe7 (6... exd5 7. exd5 Qe7+ 8. Nge2 O-O 9. Bd2 d6 10. O-O-O Ng4 11. Be1 Nd7 12. Ng3 Ndf6 13. h3 Ne5 {1-0 (35) Zhou,J (2597)-Wei,Y (2743) Shenzhen 2017}) 7. Be2 exd5 8. exd5 Qe4 9. Qxe4+ Nxe4 10. Bd2 {LiveBook: 7 Games} Bxc3 11. bxc3 Nxd2 12. Kxd2 d6 13. Bd3 O-O $146 ({Predecessor:} 13... Nd7) 14. Re1 Nd7 15. Nf3 Nf6 16. Re7 b5 17. Rhe1 a6 18. h3 Rb8 19. Kc2 (19. Rb1 $11) 19... Bb7 (19... bxc4 $15 20. Bxc4 Bf5+ 21. Kd1 Rb1+ 22. Ke2 Rb2+ 23. Kf1 h6) 20. cxb5 $11 axb5 21. Bxb5 Bxd5 (21... Ba8 $11 22. a4 Nxd5) 22. a4 $14 Be6 23. Ng5 Bf5+ 24. Kd2 $1 h6 25. Nf3 Nd5 26. Ra7 Nf4 27. g4 Be6 28. g5 ({Better is} 28. Nh4 $11) 28... Bd5 $15 29. Nh4 g6 ({Black should try} 29... hxg5 $15 30. Nf5 Be6 31. Ne7+ Kh7) 30. gxh6 $11 Kh7 31. Ree7 (31. c4 $14 Ba8 32. Ree7) 31... Kxh6 32. Ke3 Nxh3 33. f4 {[#]} (33. Rad7 $11 {remains equal.}) 33... Nxf4 $1 $17 {[%mdl 512]} 34. Kxf4 (34. Nf5+ $17 Kg5 35. Nxd6) 34... g5+ $19 35. Kg4 {Nf5+ is the strong threat.} gxh4 36. Kxh4 Rg8 37. Ra6 Be6 38. Rxd6 $2 (38. Rxe6+ {was forced.} fxe6 39. Rxd6) 38... Rg4+ 39. Kh3 Rg6+ (39... Kg5 $142 {[%cal Rb8h8]} 40. Re8 Rxe8 41. Bxe8 Rd4+ 42. Rxe6 Rd3+ 43. Kg2 fxe6) 40. Kh2 $2 (40. Rdxe6 fxe6 41. Bd3) 40... Rbg8 $2 (40... Rh8 {[%cal Rh6g7]} 41. Rxf7 Bxf7 42. Rxg6+ Kxg6+ 43. Kg3 Ra8) 41. Bc6 Kg5 ({Black should play} 41... Rg5 $19 {[%cal Rg5h5]} 42. Rdxe6+ (42. Bf3 $2 Kg7 $19) 42... fxe6 43. Rxe6+ Kg7) 42. Ra7 $2 {[%mdl 8192]} (42. Re8 $15) 42... Kf6 {[%cal Rg8h8] [#]} 43. Ra8 Rh6# {Precision: White = 35%, Black = 35%.} 0-1

[Event "ESP-ch Rapid 2018"]
[Site "Linares"]
[Date "2018.08.19"]
[Round "3"]
[White "Crespo Ruiz, Manuel Maria"]
[Black "Salvador Lopez, Daniel"]
[Result "1-0"]
[WhiteElo "2026"]
[BlackElo "2162"]
[Annotator "TA"]
[PlyCount "53"]
[EventDate "2018.08.19"]
[EventType "team-tourn"]
[EventCountry "ESP"]
[SourceTitle "playchess.com"]
[Source "ChessBase"]
[SourceQuality "1"]

{[%evp 22,53,-21,-22,0,0,0,0,16,-9,0,-31,-28,-110,-27,-38,-35,-38,-13,-10,-17,-73,-22,-37,360,363,387,374,421,420,442,454,1178,1143]} 1. d4 Nf6 2. Nf3 d5 3. Bg5 c5 4. e3 Nc6 5. c3 Qb6 6. Qc1 Bf5 7. Be2 e6 8. O-O Ne4 9. Bf4 Be7 10. Nbd2 O-O 11. Nxe4 {D03: Damenbauernspiele} Bxe4 12. Qd2 {LiveBook: 5 Partien} cxd4 (12... Rad8 13. Ne5 Nxe5 14. Bxe5 f6 15. Bg3 Bf5 16. Rfe1 Bd6 17. Bxd6 Qxd6 {½-½ (26) Landero Luna,V (2408)-Grifoll Miro,J (2434) ICCF 2007}) 13. exd4 {Die Stellung ist ausgeglichen.} Rac8 14. Ne5 {Droht Sd7 und aus.} Nxe5 15. dxe5 $146 ({Vorgänger:} 15. Bxe5 Rc6 16. Rae1 {1-0 (25) Cerny,J-Gross,D Czech Republic 1997}) 15... Rc7 16. Kh1 Bg6 17. Bg3 {[#]} (17. Rac1 $11 {bleibt in der Remisbreite.}) 17... Bc5 ({Besser ist} 17... d4 $1 $17 {[%mdl 512] und nun wäre ...dxc3 stark für Schwarz.} 18. Rfd1 (18. cxd4 Rc2) 18... dxc3 19. bxc3 h6) 18. h4 h6 19. h5 Be4 20. b4 Be7 21. Bf4 {[#]} (21. f3 $11 {hält das Gleichgewicht.} Bg5 22. f4) 21... Qc6 ({Lieber} 21... d4 $1 $17 {[%mdl 512]} 22. cxd4 Bxb4) 22. Rac1 Kh7 $2 {[%mdl 8192]} (22... Ra8 $15 {behält die Oberhand.}) 23. f3 $18 {[%cal Bf2f3,Bf3g4][%mdl 32]} Bf5 24. g4 Bxg4 25. fxg4 d4+ 26. Bf3 dxc3 (26... Qb5 $142 27. Qxd4 a6) 27. Qc2+ {Precision: Weiß = 49%, Schwarz = 21%.} 1-0

[Event "ESP-ch Rapid 2018"]
[Site "Linares"]
[Date "2018.08.19"]
[Round "3"]
[White "Bento Iglesias, Pablo"]
[Black "Cuevas Fernandez, Jose Alberto"]
[Result "1/2-1/2"]
[WhiteElo "2007"]
[BlackElo "2147"]
[Annotator "NA"]
[PlyCount "81"]
[EventDate "2018.08.19"]
[EventType "team-tourn"]
[EventCountry "ESP"]
[SourceTitle "playchess.com"]
[Source "ChessBase"]
[SourceQuality "1"]
[TimeControl "900+5"]

1. e4 {[%emt 0:00:00]} c5 {[%emt 0:00:00]} 2. c3 {[%emt 0:00:00]} Nf6 {[%emt 0:00:00]} 3. e5 {[%emt 0:00:00]} Nd5 {[%emt 0:00:01]} 4. d4 {[%emt 0:00:00]} cxd4 5. Nf3 {[%emt 0:00:00]} e6 {[%emt 0:00:03]} 6. cxd4 {[%emt 0:00:00]} d6 {[%emt 0:00:01]} 7. Bc4 {[%emt 0:00:01]} Nc6 {[%emt 0:00:24]} 8. O-O {[%emt 0:00:04]} Be7 {[%emt 0:00:02]} 9. Qe2 {[%emt 0:00:05]} Nb6 {[%emt 0:00:06]} 10. Bb3 {[%emt 0:00:02]} a5 {[%emt 0:00:17]} 11. exd6 {[%emt 0:02:28]} Qxd6 {[%emt 0:00:12]} 12. Nc3 {[%emt 0:00:02]} O-O {[%emt 0:00:11]} 13. Nb5 {[%emt 0:00:16]} Qd7 {[%emt 0:02:01]} 14. a4 {[%emt 0:01:19]} Bf6 {[%emt 0:00:29]} 15. Bf4 {[%emt 0:02:13]} Nd5 {[%emt 0:01:54]} 16. Bxd5 {[%emt 0:02:55]} exd5 {[%emt 0:00:03]} 17. Rfe1 {[%emt 0:00:32]} Qf5 {[%emt 0:00:32]} 18. Bd6 {[%emt 0:00:23]} Be6 {[%emt 0:00:30]} 19. Bxf8 {[%emt 0:01:56]} Rxf8 {[%emt 0:00:01]} 20. Nd6 {[%emt 0:00:44]} Qf4 {[%emt 0:00:24]} 21. Nxb7 {[%emt 0:00:11]} Bg4 {[%emt 0:00:16]} 22. Qe3 {[%emt 0:00:16]} Qb8 23. Nc5 {[%emt 0:01:09]} Bxf3 {[%emt 0:00:27]} 24. Qxf3 {[%emt 0:00:13]} Nxd4 {[%emt 0:00:29]} 25. Qxd5 {[%emt 0:00:41]} Nc2 {[%emt 0:00:40]} 26. Nd7 {[%emt 0:00:01]} Qd8 {[%emt 0:00:01]} 27. Nxf6+ {[%emt 0:01:14]} Qxf6 {[%emt 0:00:02]} 28. Qxa5 {[%emt 0:00:05]} Nxa1 {[%emt 0:00:05]} 29. Rxa1 {[%emt 0:00:04]} Qxb2 {[%emt 0:00:02]} 30. Re1 {[%emt 0:00:08]} h6 {[%emt 0:00:13]} 31. g3 {[%emt 0:00:03]} Rc8 {[%emt 0:00:05]} 32. Qf5 {[%emt 0:00:08]} Qc3 {[%emt 0:00:16]} 33. Re7 {[%emt 0:00:07]} Rf8 {[%emt 0:00:50]} 34. Qd5 {[%emt 0:00:03]} Qf6 {[%emt 0:00:20]} 35. Qe5 {[%emt 0:00:18]} Qc6 {[%emt 0:00:13]} 36. a5 {[%emt 0:00:02]} Ra8 {[%emt 0:00:02]} 37. Rc7 {[%emt 0:00:11]} Qf3 {[%emt 0:00:24]} 38. Re7 {[%emt 0:00:10]} Qc6 {[%emt 0:00:29]} 39. Rc7 {[%emt 0:00:02]} Qf3 {[%emt 0:00:01]} 40. Rc3 {[%emt 0:00:06]} Qb7 {[%emt 0:00:28]} 41. Rc7 {[%emt 0:00:06]} 1/2-1/2

[Event "ESP-ch Rapid 2018"]
[Site "Linares"]
[Date "2018.08.19"]
[Round "3"]
[White "Ruiz Casado, Francisco Javier"]
[Black "Sanchez Jimenez, Juan Carlos"]
[Result "1/2-1/2"]
[WhiteElo "1975"]
[BlackElo "2228"]
[Annotator "TA"]
[PlyCount "18"]
[EventDate "2018.08.19"]
[EventType "team-tourn"]
[EventCountry "ESP"]
[SourceTitle "playchess.com"]
[Source "ChessBase"]
[SourceQuality "1"]

{[%evp 9,18,-24,-16,-25,-15,-16,10,15,8,-10,-10]} 1. Nf3 f5 2. d3 d6 3. e4 e5 4. d4 (4. Nc3 Be7 5. d4 fxe4 6. Nxe4 d5 7. Neg5 exd4 8. Bd3 Qd6 9. Nxd4 c5 10. Nb5 Qe5+ 11. Be3 Na6 12. O-O {1-0 (36) Svidler,P (2751)-Bu,X (2710) Tbilisi 2017}) 4... fxe4 5. Ng5 exd4 $146 ({Predecessor:} 5... d5 6. dxe5 Be7 7. f4 exf3 8. Nxf3 c5 9. Be2 Be6 10. O-O Nc6 11. Nc3 Qd7 12. Ng5 O-O-O 13. Nxe6 Nxe5 14. Nxd8 Bxd8 15. Nxd5 Qc6 16. Bf4 Bf6 17. Bxe5 Ne7 18. Nxe7+ {1-0 (18) Rivas Perez,T-Suarez Prieto,L Madrid 2002}) 6. Qxd4 {A04: Unusual lines after 1 Nf3 and King's Indian Attack} Nf6 {And now ...Nc6 would win.} 7. Nxe4 {The position is equal.} Nxe4 8. Qxe4+ Qe7 9. Nc3 Qxe4+ 1/2-1/2

[Event "ESP-ch Rapid 2018"]
[Site "Linares"]
[Date "2018.08.19"]
[Round "3"]
[White "Hernandez Perez, Juan Carlos"]
[Black "Fernandez Torre, Ivan"]
[Result "0-1"]
[WhiteElo "1946"]
[BlackElo "2128"]
[Annotator "TA"]
[PlyCount "58"]
[EventDate "2018.08.19"]
[EventType "team-tourn"]
[EventCountry "ESP"]
[SourceTitle "playchess.com"]
[Source "ChessBase"]
[SourceQuality "1"]

{[%evp 20,58,12,20,29,-19,-31,-62,-70,-98,-104,-134,-119,-199,-79,-77,-79,-100,-87,-89,-96,-110,-45,-147,-130,-131,-121,-154,-164,-163,-161,-176,-141,-137,-127,-161,-142,-182,-146,-686,-677]} 1. e4 c5 2. Nf3 {[%cal Bg1f3,Bf3d4,Bd4b5,Bb5a3][%mdl 32]} Nc6 3. d4 cxd4 4. Nxd4 Nf6 5. Nc3 e5 6. Ndb5 d6 7. Bg5 a6 8. Na3 b5 9. Nd5 Be7 10. Nxe7 Qxe7 11. c3 {LiveBook: 5 Games} O-O {B33: Sicilian: Pelikan and Sveshnikov Variations} (11... h6 12. Bxf6 Qxf6 13. Nc2 O-O 14. a4 Rb8 15. b4 Ne7 16. Ne3 Bb7 17. axb5 axb5 18. Bd3 d5 19. exd5 {0-1 (36) Stanec,S (2195)-Tajovsky,M (2200) Czechia 2014}) 12. f3 Be6 13. Qd2 $146 ({Predecessor:} 13. Bd3 h6 14. Bh4 Rfd8 15. O-O d5 16. exd5 Bxd5 17. Qc2 Rac8 18. Bh7+ Kh8 {0-1 (28) Svoboda,J (1800)-Novak,V (1800) ICCF email 2004}) 13... Rfd8 {[%cal Bf8d8,Bd8d5,Bd5d6][%mdl 32] Black is slightly better.} 14. Bd3 d5 {Strongly threatening ...dxe4.} 15. exd5 Rxd5 {And now ...Rad8 would win.} ({Don't take} 15... Bxd5 16. Qe3 $15) 16. Qc2 {[#]} (16. Qe3 $17 {was called for.}) 16... h6 (16... e4 $1 $19 {[%cal Re4d3]} 17. Bxf6 exd3 18. Bxe7 dxc2) 17. Bxf6 Qxf6 18. Be4 Rd6 19. O-O Rad8 $36 {[%mdl 2048] White is under strong pressure.} 20. Rad1 Bd5 (20... Bxa2 $17 21. Rxd6 Qxd6) 21. Bd3 (21. Bxd5 $15 Rxd5 22. Rxd5 Rxd5 23. c4) 21... Bxa2 22. Bh7+ Kh8 23. Rxd6 Qxd6 24. Be4 Be6 25. Qe2 Ne7 26. Bc2 Nf5 27. Re1 f6 28. Qf2 Ne7 29. Rd1 $2 {[%mdl 8192] [#]} (29. f4 $17) 29... Qxd1+ $1 {Precision: White = 19%, Black = 48%.} 0-1

[Event "ESP-ch Rapid 2018"]
[Site "Linares"]
[Date "2018.08.19"]
[Round "3"]
[White "Alonso, Jose Antonio"]
[Black "Cuesta Bustos, Raul"]
[Result "0-1"]
[WhiteElo "1920"]
[BlackElo "2126"]
[Annotator "NA RC"]
[PlyCount "136"]
[EventDate "2018.08.19"]
[EventType "team-tourn"]
[EventCountry "ESP"]
[SourceTitle "playchess.com"]
[Source "ChessBase"]
[SourceQuality "1"]
[TimeControl "900+5"]

1. e4 {[%emt 0:00:00]} e6 {[%emt 0:00:00]} 2. d4 {[%emt 0:00:00]} d5 {[%emt 0:00:00]} 3. e5 {[%emt 0:00:00]} c5 {[%emt 0:00:00]} 4. c3 {[%emt 0:00:00]} Qb6 {[%emt 0:00:00]} 5. Nf3 {[%emt 0:00:01]} Nc6 {[%emt 0:00:22]} 6. Bd3 {[%emt 0:00:01]} Bd7 {[%emt 0:00:05]} 7. Bc2 {[%emt 0:00:01]} cxd4 {[%emt 0:00:10]} 8. cxd4 {[%emt 0:00:00]} Nb4 {[%emt 0:00:13]} 9. O-O {[%emt 0:00:08]} Nxc2 {[%emt 0:00:05]} 10. Qxc2 {[%emt 0:00:02]} Rc8 {[%emt 0:00:08]} 11. Nc3 {[%emt 0:00:02]} Ne7 {[%emt 0:00:15]} 12. Be3 {[%emt 0:00:39]} Nf5 {[%emt 0:00:32]} 13. a3 {[%emt 0:00:16]} Be7 {[%emt 0:00:15]} 14. Rac1 {[%emt 0:00:06]} O-O {[%emt 0:00:22]} 15. Qd2 {[%emt 0:00:02]} Rc4 {[%emt 0:00:33]} 16. g4 {[%emt 0:00:12]} Nxe3 {[%emt 0:02:05]} 17. fxe3 {[%emt 0:00:01]} f5 {[%emt 0:00:37]} 18. g5 {[%emt 0:00:25]} Rfc8 {[%emt 0:00:45]} 19. Qf2 {[%emt 0:01:02]} Bxa3 {[%emt 0:01:39]} 20. Nxd5 {[%emt 0:03:32]} Qxb2 {[%emt 0:00:03]} 21. Qxb2 {[%emt 0:00:05]} Bxb2 {[%emt 0:00:02]} 22. Rb1 {[%emt 0:00:33]} exd5 {[%emt 0:02:21]} 23. Rxb2 b6 {[%emt 0:00:50]} 24. Rff2 {[%emt 0:00:44]} Rc3 {[%emt 0:00:19]} 25. Rfe2 {[%emt 0:00:06]} f4 {[%emt 0:00:19]} 26. Kf2 {[%emt 0:00:22]} Bg4 {[%emt 0:00:15]} 27. Rb5 {[%emt 0:01:22]} Rxe3 {[%emt 0:00:25]} 28. Rxe3 {[%emt 0:00:42]} fxe3+ {[%emt 0:00:01]} 29. Kg3 {[%emt 0:00:39]} Be6 {[%emt 0:00:26]} 30. Rb3 {[%emt 0:00:53]} e2 {[%emt 0:00:03]} 31. Kf2 {[%emt 0:00:17]} Rc2 {[%emt 0:00:07]} 32. Ne1 {[%emt 0:00:08]} Rc4 {[%emt 0:00:10]} 33. Ke3 {[%emt 0:00:18]} Kf7 {[%emt 0:00:20]} 34. Rb2 {[%emt 0:00:25]} Bg4 {[%emt 0:00:10]} 35. h3 {[%emt 0:02:08]} Rc3+ {[%emt 0:00:43]} 36. Kd2 {[%emt 0:00:00]} Rxh3 {[%emt 0:00:19]} 37. Rc2 {[%emt 0:00:01]} a5 {[%emt 0:00:21]} 38. Rb2 {[%emt 0:00:11]} a4 {[%emt 0:00:25]} 39. Rxb6 {[%emt 0:00:02]} a3 {[%emt 0:00:01]} 40. Ra6 {[%emt 0:00:30]} Rb3 {[%emt 0:00:17]} 41. Ng2 {[%emt 0:01:48]} Rb1 {[%emt 0:00:40]} 42. Rxa3 {[%emt 0:00:03]} Rd1+ {[%emt 0:00:02]} 43. Ke3 {[%emt 0:00:11]} e1=Q+ {[%emt 0:00:02]} 44. Nxe1 {[%emt 0:00:00]} Rxe1+ {[%emt 0:00:01]} 45. Kf4 {[%emt 0:00:01]} Re4+ {[%emt 0:00:03]} 46. Kg3 {[%emt 0:00:01]} Rxd4 {[%emt 0:00:02]} 47. Ra7+ {[%emt 0:00:04]} Kg6 {[%emt 0:00:02]} 48. Ra6+ {[%emt 0:00:14]} Kxg5 {[%emt 0:00:05]} 49. Ra7 {[%emt 0:00:19]} g6 {[%emt 0:00:37]} 50. Rxh7 {[%emt 0:00:02]} Re4 {[%emt 0:00:01]} 51. Re7 {[%emt 0:00:04]} Kf5 {[%emt 0:00:20]} 52. e6 {[%emt 0:00:24]} Rxe6 {[%emt 0:00:03]} 53. Rd7 {[%emt 0:00:04]} Re5 {[%emt 0:00:06]} 54. Rd6 {[%emt 0:00:02]} g5 {[%emt 0:00:15]} 55. Rd8 {[%emt 0:00:05]} Re3+ {[%emt 0:00:03]} 56. Kg2 {[%emt 0:00:03]} Ke4 {[%emt 0:00:26]} 57. Rg8 {[%emt 0:00:04]} Bf3+ {[%emt 0:00:02]} 58. Kf1 {[%emt 0:00:06]} g4 {[%emt 0:00:02]} 59. Kf2 {[%emt 0:00:04]} Kd3 {[%emt 0:00:05]} 60. Rg5 {[%emt 0:00:06]} d4 {[%emt 0:00:03]} 61. Ra5 {[%emt 0:00:02]} Re2+ {[%emt 0:00:02]} 62. Kf1 {[%emt 0:00:03]} Ke4 {[%emt 0:00:03]} 63. Ra4 {[%emt 0:00:05]} g3 {[%emt 0:00:04]} 64. Ra1 {[%emt 0:00:08]} d3 {[%emt 0:00:16]} 65. Ra4+ {[%emt 0:00:15]} Ke3 {[%emt 0:00:03]} 66. Ra1 {[%emt 0:00:03]} Rd2 {[%emt 0:00:23]} 67. Re1+ {[%emt 0:00:03]} Be2+ {[%emt 0:00:05]} 68. Kg1 {[%emt 0:00:02]} Rd1 {[%emt 0:00:03]} 0-1

[Event "ESP-ch Rapid 2018"]
[Site "Linares"]
[Date "2018.08.19"]
[Round "3"]
[White "Gomez Fernandez, Alfredo"]
[Black "Cabrera Ruiz, Luis"]
[Result "0-1"]
[WhiteElo "1827"]
[BlackElo "2122"]
[Annotator "TA"]
[PlyCount "34"]
[EventDate "2018.08.19"]
[EventType "team-tourn"]
[EventCountry "ESP"]
[SourceTitle "playchess.com"]
[Source "ChessBase"]
[SourceQuality "1"]

{[%evp 12,34,0,0,15,8,22,-12,24,0,0,0,13,0,-6,-104,-102,-146,-145,-145,-116,-418,-415,-411,-409]} 1. e4 c5 2. Nf3 Nc6 3. d4 cxd4 4. Nxd4 Nf6 5. Nc3 e5 6. Nxc6 bxc6 7. Bc4 {LiveBook: 20 Games} Rb8 {B33: Sicilian: Pelikan and Sveshnikov Variations} 8. O-O Bc5 (8... Be7 {is interesting.} 9. Qe2 O-O 10. Rd1 d6 11. b3 Qc7) 9. Bg5 (9. Qd3 {feels hotter.} O-O 10. Bg5 h6 11. Bh4 Be7 12. Rfd1) 9... O-O {The position is equal.} (9... h6 $5 {[%cal Rh6g5]} 10. Bxf6 Qxf6 $11) 10. Qf3 $146 ({Predecessor:} 10. Na4 Be7 11. Bxf6 Bxf6 12. Qd6 Ra8 13. Rad1 Qe7 14. Qc7 Qb4 15. b3 Qb8 {1-0 (33) Nery,J (2080)-Maisuradze,N (2303) Curitiba 2013}) 10... h6 11. Bh4 Be7 12. Bb3 d6 13. Rad1 (13. Rfe1 $11) 13... Bg4 $36 {[%mdl 2048] Keeping White busy.} 14. Qe3 Bxd1 15. Rxd1 Ng4 16. Bxe7 $4 {[%mdl 8192] [#]} (16. Qe2 $17 Bxh4 17. Qxg4) 16... Nxe3 $19 17. Bxd8 Nxd1 {Precision: White = 10%, Black = 46%.} 0-1